La crisis de los partidos políticos en América Latina /
Salvato in:
| Autore principale: | |
|---|---|
| Natura: | testo |
| Tags: |
Aggiungi Tag
Nessun Tag, puoi essere il primo ad aggiungerne!!
|
MARC
| LEADER | 00000 a a2200000 04500 | ||
|---|---|---|---|
| 001 | 48121 | ||
| 003 | |||
| 040 | |a CRAI/IIS |c CRAI/IIS | ||
| 100 | |a Mena, Carlos Eduardo | ||
| 245 | |a La crisis de los partidos políticos en América Latina / |c Carlos Eduardo Mena | ||
| 773 | |g número46, (abril-setiembre, 1997), Carlos Eduardo Mena | ||
| 999 | |c 20056 |d 20056 | ||
